Optical Trapping and Manipulation (Record no. 24388)

MARC details
000 -LEADER
fixed length control field 01103nam a2200121Ia 4500
008 - FIXED-LENGTH DATA ELEMENTS--GENERAL INFORMATION
fixed length control field 220620s9999||||xx |||||||||||||| ||und||
245 #0 - TITLE STATEMENT
Title Optical Trapping and Manipulation
Remainder of title From Fundamentals to Applications
546 ## - LANGUAGE NOTE
Language note English[eng]
650 ## - SUBJECT ADDED ENTRY--TOPICAL TERM
Topical term or geographic name entry element optical tweezers||red blood cells (RBCs)||RBCs interactions||helium–neon laser||laser irradiation||polymeric nanocapsules||red blood cells||SEM||optical microscopy||cytotoxicity||human mesenchymal stem cells||holographic optical trapping||direct laser writing||optical fiber tweezers||optical trapping and manipulation||optical force||photothermal effect||evanescent fields||cell trapping and assembly||multi-component micromanipulators||radiation damage||life sciences||optical microrobots||optical trapping||microring resonator||micro manipulation||concentration gradient||force spectroscopy||diffusion||microfluidics||fluorescence||optical traps||vesicles||artificial cells||membrane biophysics||phase separation||membranes||n/a
700 ## - ADDED ENTRY--PERSONAL NAME
Personal name Jones, Philip||Burnham, Daniel R.
856 ## - ELECTRONIC LOCATION AND ACCESS
Uniform Resource Identifier <a href="https://mdpi.com/books/pdfview/book/3132">https://mdpi.com/books/pdfview/book/3132</a>
942 ## - ADDED ENTRY ELEMENTS (KOHA)
Koha item type E-Books
Holdings
Withdrawn status Lost status Damaged status Not for loan Home library Current library Date acquired Total Checkouts Date last seen Price effective from Koha item type
        Kerala University of Digital Sciences, Innovation and Technology Knowledge Centre Kerala University of Digital Sciences, Innovation and Technology Knowledge Centre 20/06/2022   20/06/2022 20/06/2022 E-Books